000 00777nam a2200253Ia 4500
003 OSt
005 20220923212352.0
006 a|||||r|||| 00| 0
007 ta
008 220922b |||||||| |||| 00| 0 hin d
024 _a152,412
037 _cTextual
040 _aARTS
_cARTS
_bhin
041 _2hin
_ahin
082 _aO122,3M44,16, 152J3
100 _aफ्रांस, अनातोल
245 0 _aअहंकार
246 _aAhankāra
260 _aइलाहाबाद
_b हंस प्रकाशन
_c1953
300 _a196 पृ.
_ccm.
650 _aहिन्दी साहित्य
_9156264
942 _hO122,3M44,16, 152J3
_cTEXL
_2CC
999 _c308061
_d308061